000 00324nam a2200121Ia 4500
008 220204s9999 xx 000 0 und d
082 _a635.82
_bPAT
100 _aPathak, V N
245 0 _aMushroom production and processing technology
260 _aBikaner
_bAgro Botanica
_c1998
650 _aMushroom spawning
942 _cBK
999 _c41441
_d41441